مختصر تفسير الطبري المسمى جامع البيان عن تأويل آي القرآن / (رقم التسجيلة. 25938)

تفاصيل مارك
000 -الفاتح
عناصر البيانات ثابتة الطول 00971cam a2200205 i 4500
005 - تاريخ ووقت آخر معاملة
حقل ضبط 20251108165345.0
008 - عناصر البيانات ثابتة الطول
عناصر البيانات ثابتة الطول 250721s1982 ua gr 000 0 ara d
082 14 - رقم تصنيف ديوي العشري
رقم التصنيف م/212/طبر
100 1# - مدخل رئيسي – اسم شخصي
الاسم الشخصي الطبري. ابي جعفر محمد بن جرير
تواريخ خاصة بالشخص مؤلف.
245 10 - بيان العنوان
العنوان مختصر تفسير الطبري المسمى جامع البيان عن تأويل آي القرآن /
بيان المسؤولية لامام المفسرين ابي جعفر محمد بن جرير الطبري؛ اختصار و تحقيق الشيخ محمد بن علي الصابوني، الدكتور صالح احمد رضا.
264 1# - بيانات النشر، التوزيع…إلخ
مكان النشر، التوزيع...إلخ القاهره :
اسم الناشر، الموزع...إلخ دار يوسف،
تاريخ النشر، التوزيع...إلخ 1982.
300 ## - الوصف المادي
عدد الوحدات المكونة للوعاء 2مجلد.
490 0# - بيان السلسلة
عنوان السلسلة من ذخائر التراث الإسلامي.
650 17 - مدخل إضافي بالموضوع - مصطلح موضوعي
مصطلح موضوعي أو اسم جغرافي كعنصر مدخل القرآن الكريم.
650 17 - مدخل إضافي بالموضوع - مصطلح موضوعي
مصطلح موضوعي أو اسم جغرافي كعنصر مدخل التفسير.
700 1# - مدخل إضافي - اسم شخصي
الاسم الشخصي رضا، صالح أحمد
علاقة الشخص بالعمل/ دوره محقق.
700 1# - مدخل إضافي - اسم شخصي
الاسم الشخصي الصابوني، محمد علي
تواريخ خاصة بالشخص محقق.
942 ## - بيانات إضافية (كوها)
نوع التنصيف Dewey Decimal Classification
نوع المادة (كوها) مراجع
المقتنيات
حالة السحب حالة الفقدان مصدر التصنيف حالة التلف غير قابل للإعارة المكتبة الرئيسية المكتبة الحالية موقع الرف تاريخ التزويد الرقم المتسلسل Total Checkouts رقم الإستدعاء الباركود تاريخ آخر ظهور تاريخ الفاتورة نوع المادة (كوها)
    Dewey Decimal Classification   Not For Loan المكتبة المركزية المكتبة المركزية مراجع 06/07/2004 306206   م / 212 / ط ب ر 306206 28/07/2025 06/07/2004 مراجع
    Dewey Decimal Classification     المكتبة المركزية المكتبة المركزية مراجع 29/10/2025 306205   م / 212 / ط ب ر 306205 29/10/2025 29/10/2025 مراجع
    Dewey Decimal Classification   Not For Loan مكتبة الأميرة ايمان العامة مكتبة الأميرة ايمان العامة مراجع 06/07/2004 306209   م/212/طبر 306209 28/07/2025 06/07/2004 مراجع
    Dewey Decimal Classification   Not For Loan مكتبة الأميرة ايمان العامة مكتبة الأميرة ايمان العامة مراجع 06/07/2004 306210   م/212/طبر 306210 28/07/2025 06/07/2004 مراجع
    Dewey Decimal Classification   Not For Loan مكتبة الاميرة بديعة مكتبة الاميرة بديعة مراجع 06/07/2004 306221   م/212/طبر 306221 28/07/2025 06/07/2004 مراجع
    Dewey Decimal Classification   Not For Loan مكتبة الاميرة بديعة مكتبة الاميرة بديعة مراجع 06/07/2004 306222   م/212/طبر 306222 28/07/2025 06/07/2004 مراجع
    Dewey Decimal Classification   Not For Loan مكتبة صويلح العامة مكتبة صويلح العامة مراجع 14/09/2019 306213   م/212/طبر PLD00467379 28/07/2025 14/09/2019 مراجع
    Dewey Decimal Classification   Not For Loan مكتبة صويلح العامة مكتبة صويلح العامة مراجع 14/09/2019 306214   م/212/طبر PLD00467380 28/07/2025 14/09/2019 مراجع
Implemented & Customized by: BBB with SCIT (Smart Chains for Information Technology)

Powered by Koha